00841nam a22002177b 4500003000500000005001700005008004100022020002300063040001400086041000600100082001300106245001600119260004000135300004900175490001900224500022400243700004500467700003600512942005600548999001900604322820250721110530.0250721b sa a|||| |||| 00| 1 AFR d a9780798173506qhbk aRDAc3228 2A aAKF ROOI aRooikappie. aCape Town;bHuman & Rosseau;c2016. a[unnumbered pages]bllustrationsc18 x 18 cm aEerste stories a"Hoekom is Ouma se tande so groot?" Stoot, trek en skuif die tonele en gee lewe aan die klassieke verhaal van Rooikappie. Hierdie eerste sprokies is perfek vir 1+ jariges en 'n prettige inleiding tot klassieke verhale.  aRosenberg, NataschaeIllustrator9195668 aGeldenhuys, Kobus.eTranslator. 2ddccBOOKw174xSanet Schoemany174zSanet Schoeman c780585d780584